[Event "Brussels zt"]
[Site "Brussels"]
[Date "1993.??.??"]
[Round "9"]
[White "Sosonko, Gennadi"]
[Black "Dutreeuw, Marc"]
[Result "1-0"]
[WhiteElo "2535"]
[BlackElo "2450"]

1.d4 d5 2.Nf3 Nf6 3.c4 e6 4.g3 Be7 5.Bg2 O-O 6.O-O dxc4 7.Qc2 a6 8.Qxc4 b5
9.Qc2 Bb7 10.Bf4 Nd5 11.Nc3 Nxf4 12.gxf4 Nd7 13.Rfd1 Qc8 14.a4 b4 15.Ne4 Bd5
16.Rac1 Ra7 17.Ne5 Nxe5 18.fxe5 Qa8 19.Qd3 f5 20.exf6 gxf6 21.Bf3 Rd8 22.Qe3 Kh8
23.Kh1 Rg8 24.Rg1 c6 25.Nd2 Rxg1+ 26.Rxg1 c5 27.dxc5 Rc7 28.Qd4 Bxf3+ 29.Nxf3 e5
30.Qxb4 Bxc5 31.Qh4 Qf8 32.e3 Rb7 33.Qh5 Rg7 34.Rc1 Be7 35.Qf5 Rg8 36.Qe6 Qa8
37.Qc6 Qb8 38.Rg1 Rxg1+ 39.Nxg1 Qg8 40.Nf3 Qg6 41.e4 Kg8 42.Nh4 Qg4 43.Nf5 Qh3
44.Kg1 Qg4+ 45.Ng3 a5 46.Kg2 Kf8 47.h3 Qg5 48.Qa8+ Kf7 49.Qxa5 h5 50.Qd5+ Kf8
51.h4 Qxh4 52.a5 f5 53.a6  1-0

[Event "Budapest FS02 GM"]
[Site "Budapest"]
[Date "1993.??.??"]
[Round "?"]
[White "Gyorkos, Lajos"]
[Black "Wells, Peter K"]
[Result "1/2-1/2"]
[WhiteElo "2435"]
[BlackElo "2485"]

1.d4 d5 2.c4 e6 3.Nf3 Nf6 4.g3 Be7 5.Bg2 O-O 6.Qc2 c5 7.O-O cxd4 8.Nxd4 Qb6
9.Rd1 e5 10.Nb3 dxc4 11.Qxc4 Be6 12.Qa4 Ng4 13.Rf1 Nc6 14.h3 Nf6 15.Be3 Qb4
16.Nc3 Qxa4 17.Nxa4 Bd5  1/2-1/2

[Event "Mikrometal Cup"]
[Site "Budapest"]
[Date "1993.??.??"]
[Round "?"]
[White "Mate, Laszlo"]
[Black "Lengyel, Ferenc"]
[Result "0-1"]
[WhiteElo "2285"]
[BlackElo "2285"]

1.c4 e6 2.d4 d5 3.Nf3 Nf6 4.g3 Be7 5.Bg2 O-O 6.O-O dxc4 7.Qc2 a6 8.a4 Bd7
9.Qxc4 Bc6 10.Bg5 Bd5 11.Qd3 Be4 12.Qe3 Bc6 13.Nc3 a5 14.Qd3 Na6 15.e4 Nb4
16.Qe2 Nd7 17.Be3 b6 18.Rfd1 Bb7 19.Qd2 Re8 20.Rac1 Rc8 21.Bf4 Nf6 22.Qe1 Bf8
23.Ne5 Nh5 24.Be3 Qe7 25.f4 f6 26.Nc4 g6 27.g4 Ng7 28.Qg3 Red8 29.b3 Ne8
30.h4 Bg7 31.h5 Ba8 32.hxg6 hxg6 33.g5 f5 34.Ne5 Bxe5 35.fxe5 Ng7 36.d5 Nh5
37.Qh2 fxe4 38.d6 Qh7 39.Bxe4 Bxe4 40.Nxe4 Nd5 41.Qh3 Nhf4 42.Qxh7+ Kxh7
43.Bxf4 Nxf4 44.Nf6+ Kh8 45.d7 Rb8 46.Rxc7 Nh3+ 47.Kg2 Nxg5 48.Kg3 Nf7 49.Rh1+ Kg7  0-1

[Event "Budapest FS02 GM"]
[Site "Budapest"]
[Date "1993.??.??"]
[Round "?"]
[White "Maiwald, Jens Uwe"]
[Black "Lengyel, Levente"]
[Result "1/2-1/2"]
[WhiteElo "2400"]
[BlackElo "2385"]

1.d4 Nf6 2.c4 e6 3.g3 d5 4.Nf3 Be7 5.Bg2 O-O 6.O-O c6 7.Qc2 b6 8.Bf4 Bb7
9.Ne5 Nfd7 10.Nd3 Na6 11.cxd5 exd5 12.Nc3 Nb4 13.Nxb4 Bxb4 14.a3 Be7 15.b4 a6
16.Qb3 b5 17.e4 Nb6 18.Rfd1 Qd7 19.a4 Rfe8 20.h4 Bf8 21.a5 Nc4 22.Ra2 h6
23.Re2 Re7 24.e5 Qf5 25.Rde1 Qd3 26.Rd1 Qg6 27.Na2 Bc8 28.Nc1 Bf5  1/2-1/2

[Event "Budapest FS02 GM"]
[Site "Budapest"]
[Date "1993.??.??"]
[Round "?"]
[White "Pedersen, Steffen"]
[Black "Wells, Peter K"]
[Result "1/2-1/2"]
[WhiteElo "2390"]
[BlackElo "2485"]

1.d4 Nf6 2.c4 e6 3.Nf3 d5 4.g3 Be7 5.Bg2 O-O 6.Nc3 dxc4 7.Ne5 Qd6 8.Nxc4 Qa6
9.Qb3 Nc6 10.e3 Rb8 11.Qb5 Qxb5 12.Nxb5 Bd7 13.O-O Na5 14.Nxa5 Bxb5 15.Rd1 Nd5
16.Bd2 b6 17.Nb3 a5 18.e4 Nb4 19.Bxb4 Bxb4 20.d5 e5 21.Nc1 g6 22.Nd3 Bd6
23.Rac1 f5 24.Rc2 Rbe8 25.Bf3 Rf6 26.Kg2 Ref8 27.Rdd2 R6f7 28.Rd1 Re7 29.Rdd2 Kg7
30.Rd1 h5 31.h4 Kh6 32.b3 Ref7 33.Rdd2 f4 34.Bd1 fxg3 35.fxg3 Bxd3 36.Rxd3 Bc5
37.Rf3 g5 38.hxg5+ Kxg5 39.Rcc3 Rf6 40.Rxf6 Rxf6 41.Rf3 Rxf3 42.Kxf3  1/2-1/2

[Event "Statistika"]
[Site "Budapest"]
[Date "1993.??.??"]
[Round "1"]
[White "Gyorkos, Lajos"]
[Black "Roos, Celine"]
[Result "1-0"]
[WhiteElo "2435"]
[BlackElo "2180"]

1.d4 Nf6 2.c4 e6 3.g3 d5 4.Bg2 Be7 5.Nf3 O-O 6.Qc2 Na6 7.O-O Nb4 8.Qb3 dxc4
9.Qxc4 b5 10.Qb3 Bb7 11.a3 Bd5 12.Qd1 Nc6 13.Nc3 b4 14.Nxd5 exd5 15.Qa4 Qe8
16.axb4 Nxb4 17.Bd2 a5 18.Rfc1 Bd6 19.Ne5 Ne4 20.Bxe4 Qxa4 21.Rxa4 dxe4 22.Nc4 Rfe8
23.Nxd6 cxd6 24.Bxb4 axb4 25.Rxb4 Rab8 26.Rcc4 Kf8 27.e3 Rec8 28.g4 Rxb4
29.Rxb4 Rc1+ 30.Kg2 Ke7 31.d5 f5 32.gxf5 Kf6 33.Rxe4 Kxf5 34.Re7  1-0

[Event "Budapest FS06 IM"]
[Site "Budapest"]
[Date "1993.??.??"]
[Round "8"]
[White "Vandrey, Wolfgang"]
[Black "Hedman, Erik"]
[Result "1/2-1/2"]
[WhiteElo "2305"]
[BlackElo "2225"]

1.d4 Nf6 2.Nf3 e6 3.g3 d5 4.Bg2 Be7 5.c4 O-O 6.Qc2 b6 7.O-O Bb7 8.Ne5 c5
9.dxc5 bxc5 10.Nc3 Nbd7 11.Bf4 Nb6 12.Rad1 Qc8 13.cxd5 exd5 14.e3 Qe6 15.Nd3 Ne8
16.h4 h6 17.h5 Rc8 18.Rfe1 Nf6 19.Qe2 Ba6 20.Qf3 Rfd8 21.Bf1 Ne4 22.Qh1 Nc4
23.Nb1 Bb7 24.Bg2 Ra8 25.b3 Nb6 26.Bc7 Re8 27.Nf4 Qf5 28.Qh3 Qf6 29.Qg4 Rec8
30.Bxb6 axb6 31.Bxe4 dxe4 32.Nd5 Bxd5 33.Rxd5 Re8 34.a4 c4 35.bxc4 Bb4 36.Red1 Rxa4
37.Qd7 Raa8 38.Rf5 Red8 39.Rxf6 Rxd7 40.Rxd7 gxf6 41.Nd2 Ra1+ 42.Kg2 f5 43.Nb3 Ra2
44.Rd5 f4 45.gxf4 Be1 46.Re5 Rxf2+ 47.Kg1 Rb2 48.Nd4 Bf2+ 49.Kf1 Bxe3 50.Rxe4 Rf2+
51.Ke1 Rxf4 52.Rxf4 Bxf4 53.Nf5 Kf8 54.Ke2 Ke8 55.Kf3  1/2-1/2

[Event "Budapest FS06 IM"]
[Site "Budapest"]
[Date "1993.??.??"]
[Round "10"]
[White "Vandrey, Wolfgang"]
[Black "Bodrogi, Mihaly"]
[Result "1/2-1/2"]
[WhiteElo "2305"]
[BlackElo "2245"]

1.d4 d5 2.Nf3 Nf6 3.c4 e6 4.g3 Be7 5.Bg2 O-O 6.Qc2 Nbd7 7.O-O c5 8.cxd5 Nxd5
9.Nc3 Nxc3 10.bxc3 Qc7 11.Ba3 Re8 12.Qa4 a6 13.Rac1 b5 14.Qd1 Bb7 15.Bb2 Rac8
16.Qc2 Nb6 17.e3 Nc4 18.Rfd1 h5 19.Ba1 h4 20.Qe2 hxg3 21.hxg3 g6 22.Nd2 Nxd2
23.Bxb7 Qxb7 24.Rxd2 c4 25.a4 Kg7 26.axb5 axb5 27.Rcd1  1/2-1/2

[Event "Budapest FS06 GM"]
[Site "Budapest"]
[Date "1993.??.??"]
[Round "12"]
[White "Almasi, Istvan"]
[Black "Lyrberg, Patrik"]
[Result "1/2-1/2"]
[WhiteElo "2385"]
[BlackElo "2395"]

1.c4 Nf6 2.Nf3 e6 3.g3 d5 4.d4 Be7 5.Bg2 dxc4 6.O-O O-O 7.Qc2 a6 8.Qxc4 b5
9.Qc2 Bb7 10.Bd2 Nbd7 11.Ba5 Rc8 12.Nbd2 Nb6 13.b4 Bd5 14.e4 Bc4 15.Rfe1 Nfd7
16.Nb3 Nb8 17.Nc5 Nc6 18.Red1 Nxa5 19.bxa5 Nd7 20.Ne5 Nxe5 21.dxe5 Bxc5 22.Rxd8 Rfxd8
23.Bf1 Bd4 24.Rd1 Bxf1 25.Kxf1 c5 26.f4 Kf8 27.Ke2  1/2-1/2

[Event "Buenos Aires Najdorf op"]
[Site "Buenos Aires"]
[Date "1993.??.??"]
[Round "2"]
[White "Saldano, Horacio"]
[Black "Gomez Baillo, Jorge H"]
[Result "1/2-1/2"]
[WhiteElo "2295"]
[BlackElo "2395"]

1.d4 Nf6 2.c4 e6 3.g3 d5 4.Bg2 Be7 5.Nf3 O-O 6.O-O dxc4 7.Ne5 Nc6 8.Bxc6 bxc6
9.Nxc6 Qe8 10.Nxe7+ Qxe7 11.Qa4 c5 12.Qxc4 cxd4 13.Qxd4 e5 14.Qh4 h6 15.Nc3 Bb7
16.e4 Qe6 17.f3 Qb6+ 18.Kg2 Rfd8 19.g4 Rac8 20.Qf2 Rd3  1/2-1/2

[Event "Buenos Aires FMD tt"]
[Site "Buenos Aires"]
[Date "1993.??.??"]
[Round "6"]
[White "Giardelli, Sergio C"]
[Black "Juarez, Carlos Eleodoro"]
[Result "1-0"]
[WhiteElo "2475"]
[BlackElo "2285"]

1.d4 d5 2.c4 e6 3.Nf3 Nf6 4.g3 Be7 5.Bg2 Nbd7 6.O-O O-O 7.Qc2 dxc4 8.Qxc4 a6
9.Rd1 b5 10.Qc6 Rb8 11.Bf4 Nd5 12.Qc1 Nxf4 13.Qxf4 Bd6 14.Qd2 Bb7 15.Nc3 Qe7
16.Qc2 Nf6 17.Ng5 c5 18.Bxb7 Rxb7 19.d5 h6 20.Nge4 exd5 21.Nxd5 Nxd5 22.Rxd5 Be5
23.Nxc5 Rc7 24.Rc1 Rfc8 25.b4 a5 26.a3 Qf6 27.Qd3 axb4 28.axb4 Qe7 29.Qxb5 Ra7
30.Rdd1 Rb8 31.Qd3 g6 32.Nd7 Rd8  1-0

[Event "Calcutta op"]
[Site "Calcutta"]
[Date "1993.??.??"]
[Round "5"]
[White "Anilkumar, N R."]
[Black "Singh, Rajendra"]
[Result "1-0"]
[WhiteElo "2305"]
[BlackElo "2230"]

1.d4 Nf6 2.c4 e6 3.g3 d5 4.Bg2 Be7 5.Nf3 O-O 6.O-O b6 7.Qc2 Bb7 8.Rd1 dxc4
9.Nc3 Nc6 10.Bg5 Nb4 11.Qb1 Nbd5 12.Bxf6 Nxc3 13.Bxe7 Nxe2+ 14.Kf1 Nxg3+
15.hxg3 Qxe7 16.Kg1 Bd5 17.Qc2 c5 18.dxc5 Qxc5 19.Ng5 g6 20.Bxd5 exd5 21.Qd2 Rad8
22.Qd4 Rfe8 23.Qh4 h5 24.Ne4 dxe4 25.Rxd8 Rxd8 26.Qxd8+ Kg7 27.Rd1 c3 28.bxc3 Qxc3
29.Qd4+ Qxd4 30.Rxd4 f5 31.Rd7+ Kf6 32.Rxa7  1-0

[Event "Capablanca mem-A"]
[Site "?"]
[Date "1993.??.??"]
[Round "7"]
[White "Vera, Reynaldo"]
[Black "Zarnicki, Pablo"]
[Result "1/2-1/2"]
[WhiteElo "2515"]
[BlackElo "2470"]

1.d4 Nf6 2.Nf3 e6 3.g3 d5 4.Bg2 Be7 5.c4 O-O 6.O-O dxc4 7.Ne5 Nc6 8.Nxc6 bxc6
9.Na3 Bxa3 10.bxa3 Rb8 11.Qa4 Qxd4 12.Be3 Qg4 13.Bf3 Qf5 14.Qxc4 a5 15.Rfc1 e5
16.Qxc6 Bb7 17.Qc2 Qh3 18.Bxb7 Rxb7 19.f3 Rb5 20.Bc5 Rfb8 21.a4 R5b7 22.Rab1 h5
23.Rxb7 Rxb7 24.Rd1 Rb8 25.Be7 Ne8 26.Qc6 Qe6 27.Qxe6 fxe6 28.Ba3 Rc8 29.Rc1 Rd8
30.Rc5 Rd5 31.Kf2 Kf7 32.Ke1 g5 33.e4 Rxc5 34.Bxc5 g4 35.Ke2 Nd6 36.Bf2 Ke7
37.Be1 Nb7 38.Bc3 Kd6 39.Ke3 Nc5 40.Bxa5 Nxa4 41.f4 c6 42.Bb4+ c5 43.Be1 Nb2
44.fxe5+ Kc6 45.Bc3 Nd1+ 46.Kd2 Nf2 47.Ke3 Nd1+  1/2-1/2

[Event "Capablanca mem-B"]
[Site "?"]
[Date "1993.??.??"]
[Round "2"]
[White "Hergott, Deen"]
[Black "Garcia, Gildardo"]
[Result "1/2-1/2"]
[WhiteElo "2450"]
[BlackElo "2520"]

1.d4 d5 2.Nf3 Nf6 3.c4 e6 4.g3 Be7 5.Bg2 O-O 6.O-O Nbd7 7.Qc2 b6 8.cxd5 Nxd5
9.Nc3 Bb7 10.Bf4 Nxf4 11.gxf4 c5 12.dxc5 Nxc5 13.b4 Nd7 14.Rfd1 Qc7 15.Rac1 Rac8
16.Nd5 Qd6 17.Nxe7+ Qxe7 18.Qa4 Nf6 19.Rxc8 Rxc8 20.Ne5 Bxg2 21.Kxg2 Nd5
22.b5 g5 23.Nc6 Qf6 24.fxg5 Qxg5+ 25.Kh1 Nc3 26.Rg1 Qxg1+ 27.Kxg1 Nxa4 28.Ne7+ Kf8
29.Nxc8 Nc3 30.Nxa7 Nxa2 31.Nc8 Nc3 32.Kf1 Na4 33.e4 Ke8 34.Nd6+ Ke7 35.e5 f6
36.f4 Nc3 37.Nc8+ Kf7 38.Nxb6 fxe5 39.Nc4 Nxb5 40.Nxe5+ Kf6 41.Kf2 Kf5 42.Kf3 Nd4+
43.Ke3 Nc2+ 44.Kf3 Ne1+ 45.Kg3 h5 46.Nc6 Nc2 47.Kh4 Kxf4 48.Kxh5 Ne3 49.Nd8 e5
50.Nf7 e4 51.Nd6 Nf5  1/2-1/2

[Event "Capablanca mem-B"]
[Site "?"]
[Date "1993.??.??"]
[Round "4"]
[White "Hergott, Deen"]
[Black "Hoffman, Alejandro"]
[Result "0-1"]
[WhiteElo "2450"]
[BlackElo "2285"]

1.Nf3 Nf6 2.c4 e6 3.g3 d5 4.d4 Be7 5.Bg2 O-O 6.O-O c6 7.Qc2 b6 8.Nbd2 Bb7
9.e4 Na6 10.a3 c5 11.exd5 exd5 12.dxc5 Nxc5 13.b4 Ne6 14.Bb2 Rc8 15.Ne5 Qc7
16.Rac1 Rfd8 17.Qf5 g6 18.Qh3 d4 19.Rfe1 Ng5 20.Qh6 Bxg2 21.Kxg2 Qb7+ 22.f3 Ne6
23.Nb3 Nh5 24.Nxf7 Kxf7 25.Rxe6 Kxe6 26.Qxh7 Nf6 27.Re1+ Kd6 28.Qf7 Ng8 29.Bxd4 Qd7
30.Qf4+ Kc6 31.Qe4+ Kc7 32.Be5+ Bd6 33.Rd1 Qe6 34.Rxd6 Rxd6 35.c5 Qxb3 36.Bxd6+ Kd7
37.Qb7+ Kd8 38.Qg7 Qe6 39.Qxa7 bxc5 40.bxc5 Qe2+ 41.Kg1 Qxf3 42.a4 Qe3+ 43.Kg2 Qe2+
44.Kg1 Nf6 45.h3 Qe1+ 46.Kg2 Nd7 47.Qb7 Qe2+ 48.Kh1 Qd1+ 49.Kh2 Qc2+ 50.Kg1 Qd1+
51.Kh2 Qc2+ 52.Kg1 Qxa4 53.Qd5 Nf6 54.Qe6 Qd4+ 55.Kh2 Qf2+ 56.Kh1 Qf3+ 57.Kh2 Nd5
58.h4 Qf5 59.Qg8+ Kd7 60.Qg7+ Kc6 61.Qa7 Qf2+ 62.Kh3 Qf1+ 63.Kh2 Ne3 64.Qa4+ Kd5
65.Qb3+ Ke4 66.Qb7+ Kd3 67.g4 Qe2+ 68.Kh1 Qe1+  0-1

[Event "Cappelle op"]
[Site "Cappelle la Grande"]
[Date "1993.??.??"]
[Round "1"]
[White "Hutters, Tomas"]
[Black "Picarda, Laurent"]
[Result "1-0"]
[WhiteElo "2445"]
[BlackElo "2215"]

1.d4 d5 2.c4 e6 3.Nf3 Nf6 4.g3 Be7 5.Bg2 O-O 6.O-O Bd7 7.Nc3 Nc6 8.Ne5 dxc4
9.Nxc4 Rb8 10.e4 b5 11.Ne3 e5 12.dxe5 Nxe5 13.f4 Nc4 14.Nxc4 bxc4 15.Qe2 Qc8
16.Qxc4 Rb4 17.Qe2 Bg4 18.Qc2 Rd8 19.f5 Rc4 20.h3 Nxe4 21.Bxe4 Bxh3 22.Re1 Rdd4
23.Bd3 Rg4 24.Rxe7 Rxg3+ 25.Kh2 Rcg4 26.Be4 Qd8 27.Bf4 Rxc3 28.Qxc3 Qxe7
29.Qxh3 Rxf4 30.f6  1-0

[Event "Cappelle op"]
[Site "Cappelle la Grande"]
[Date "1993.??.??"]
[Round "6"]
[White "Urban, Klaudiusz"]
[Black "Shneider, Aleksandr"]
[Result "1/2-1/2"]
[WhiteElo "2450"]
[BlackElo "2540"]

1.d4 Nf6 2.c4 e6 3.g3 d5 4.Bg2 Be7 5.Nf3 O-O 6.O-O dxc4 7.Qc2 a6 8.a4 Bd7
9.Ne5 Bc6 10.Nxc6 Nxc6 11.e3 Na5 12.Nd2 c5 13.dxc5 Rc8 14.b4 cxb3 15.Nxb3 Nd5
16.Ba3 Nxb3 17.Qxb3 Bxc5 18.Qxb7 Bxa3 19.Rxa3 Qa5 20.Bxd5 Rc7 21.Qb1 Qxd5
22.Rc1  1/2-1/2

[Event "Ceske Budejovice op"]
[Site "Ceske Budejovice"]
[Date "1993.??.??"]
[Round "5"]
[White "Konopka, Michal"]
[Black "Prandstetter, Eduard"]
[Result "1/2-1/2"]
[WhiteElo "2425"]
[BlackElo "2375"]

1.Nf3 d5 2.d4 Nf6 3.c4 e6 4.g3 Be7 5.Bg2 O-O 6.O-O Nbd7 7.Qc2 c6 8.b3 b5
9.Nbd2 bxc4 10.bxc4 Ba6 11.Bb2 Rb8 12.Rfb1 Qa5 13.e3 Rfc8 14.Bc3 Bb4 15.Rxb4 Rxb4
16.Ne1 Qa4 17.Bxb4 Qxb4 18.Nd3 Qa5 19.Rc1  1/2-1/2

[Event "ARG-chT"]
[Site "Chaco"]
[Date "1993.??.??"]
[Round "6"]
[White "De Dovitiis, Alejo"]
[Black "Acosta, Tomas"]
[Result "1/2-1/2"]
[WhiteElo "2335"]
[BlackElo "2250"]

1.d4 Nf6 2.Nf3 e6 3.c4 d5 4.g3 Be7 5.Bg2 O-O 6.O-O dxc4 7.Qc2 a6 8.Qxc4 b5
9.Qc2 Bb7 10.Bd2 Be4 11.Qc1 Ra7 12.a3 Nc6 13.e3 Qb8 14.Qd1 Nd5 15.Nc3 Nxc3
16.Bxc3 a5 17.b3 b4 18.axb4 Nxb4 19.Ne1 Bxg2 20.Nxg2 Nd5 21.Bd2 c5 22.dxc5 Bxc5
23.Qh5 Bb4 24.Rfd1 Qb7 25.Bxb4 Qxb4 26.Rd3 Rc8 27.Nf4 Nf6 28.Qe5 h6 29.Rad1 Rac7
30.Nh5 Nxh5 31.Qxh5 Rc1 32.Rxc1 Rxc1+ 33.Rd1 g6 34.Qf3 Rc7 35.Qf6 Rc8 36.Rd8+ Rxd8
37.Qxd8+ Kg7 38.Qa8 e5 39.Qd5 Qc3 40.Kg2 h5  1/2-1/2

[Event "Cherepovets"]
[Site "Cherepovets"]
[Date "1993.??.??"]
[Round "?"]
[White "Mishuchkov, Nikolai M"]
[Black "Mitenkov, Alexey"]
[Result "1-0"]
[WhiteElo "2380"]
[BlackElo "2420"]

1.Nf3 Nf6 2.c4 e6 3.g3 d5 4.Bg2 Be7 5.d4 O-O 6.Nbd2 b6 7.O-O Bb7 8.b3 c5
9.Bb2 Na6 10.dxc5 bxc5 11.cxd5 exd5 12.Nh4 Qd7 13.Nc4 Rad8 14.Ne5 Qe6 15.Nd3 g5
16.Nf3 Ne4 17.Rc1 Rc8 18.Ba1 Rfd8 19.Qc2 c4 20.bxc4 dxc4 21.Qb2 f6 22.Qxb7 Rb8
23.Bh3 Qxh3 24.Qxe4  1-0

[Event "Chicago op"]
[Site "Chicago"]
[Date "1993.??.??"]
[Round "2"]
[White "Gurevich, Dmitry"]
[Black "Legaspi, Edmundo"]
[Result "1-0"]
[WhiteElo "2495"]
[BlackElo "2155"]

1.d4 d5 2.c4 e6 3.Nf3 Nf6 4.g3 Be7 5.Bg2 O-O 6.O-O Nbd7 7.Qc2 c6 8.Rd1 b6
9.b3 Bb7 10.Nc3 Rc8 11.e4 Nxe4 12.Nxe4 dxe4 13.Qxe4 Ba8 14.Qe2 Qc7 15.Bf4 Bd6
16.Bxd6 Qxd6 17.c5 Qe7 18.b4 Rfd8 19.h4 Nf6 20.Ne5 Nd5 21.Qe1 Bb7 22.Rdc1 Rc7
23.a4 b5 24.axb5 cxb5 25.Rxa7 f6 26.Rxb7 fxe5 27.Rxc7 Qxc7 28.dxe5 Ne7 29.Qe2 Nf5
30.Qxb5 Qxe5 31.Qb6 Rf8 32.Qa5 Nd4 33.c6 Qxa5 34.bxa5 Ne2+ 35.Kh2 Nxc1 36.a6  1-0

[Event "CZE Tschechien-ch"]
[Site "?"]
[Date "1993.??.??"]
[Round "4"]
[White "Mozny, Milos"]
[Black "Jirovsky, Pavel"]
[Result "1/2-1/2"]
[WhiteElo "2395"]
[BlackElo "2290"]

1.d4 d5 2.Nf3 Nf6 3.c4 e6 4.g3 Be7 5.Bg2 O-O 6.O-O Nbd7 7.b3 b6 8.Bb2 Bb7
9.Nbd2 Rc8 10.cxd5 exd5 11.Qc2 c5 12.dxc5 bxc5 13.Rfd1 Qb6 14.e3 Rfd8 15.Rac1 Nf8
16.Nh4 g6 17.Nhf3 Ne6 18.Ne5 Qc7 19.Ndf3 Ne4 20.Ng4 f6 21.Nd2 Nxd2 22.Rxd2 Kg7
23.h4 h5 24.Nh2 Kf7 25.Qd1 Qa5 26.Nf3 Rc7 27.Ne1 Rcd7 28.Nd3 Qa6 29.f4 c4
30.bxc4 dxc4 31.Ne5+ fxe5 32.Rxd7 Rxd7 33.Qxd7 Bxg2 34.Kxg2 c3 35.Bxc3 Qe2+
36.Kh3 Qg4+ 37.Kh2 Qe2+ 38.Kh3 exf4 39.exf4 Qg4+ 40.Kh2 Qe2+ 41.Kh3 Nxf4+
42.gxf4 Qf3+ 43.Kh2 Qxf4+ 44.Kg2 Qxc1 45.Qd5+ Kf8  1/2-1/2

[Event "CZE Tschechien-ch"]
[Site "?"]
[Date "1993.??.??"]
[Round "5"]
[White "Jirovsky, Pavel"]
[Black "Kacirek, Petr"]
[Result "1/2-1/2"]
[WhiteElo "2290"]
[BlackElo "2190"]

1.d4 d5 2.Nf3 Nf6 3.c4 e6 4.g3 Be7 5.Bg2 c6 6.O-O O-O 7.Qc2 b6 8.b3 Bb7 9.Bb2 Nbd7
10.Nbd2 Rc8 11.e4 dxe4 12.Nxe4 c5 13.Nxf6+ Bxf6 14.Rad1 Bxf3 15.Bxf3 Bxd4
16.Bxd4 cxd4 17.Rxd4 Qe7 18.Rfd1 Rcd8 19.Qd2 Ne5 20.Bg2 Rxd4 21.Qxd4 f6 22.Qd6 Re8
23.a4 Qxd6 24.Rxd6 Re7 25.f4 Nf7 26.Rc6 Nd8 27.Rc8 Rd7 28.c5 bxc5 29.Rxc5 Kf7
30.Ra5 Ke7 31.Ra6 Nf7 32.b4 Rc7 33.b5 Nd6 34.Bc6 Nc4 35.Kf2 h6 36.Be4 Nd6
37.Bd3 Nc8 38.Ke3 Nb6 39.Be4 Rc3+ 40.Kd2 Rc7 41.a5 Na4 42.b6 axb6 43.axb6 Rd7+
44.Ke3 Nc5 45.Ra7 Kd6 46.Bg2 g5 47.fxg5 hxg5 48.b7 Kc7 49.Ra8 Nxb7 50.Ra7 Kd6
51.Rxb7 Rd8 52.Rh7 Ke5 53.h4 gxh4 54.gxh4 Rb8 55.Bb7 Rg8 56.h5 f5 57.Rf7 Rg3+
58.Bf3 Rh3 59.Rf8 Rh2 60.Rg8 Rh4 61.Rg2 Rh3 62.Rg6 Rh2 63.Rh6 Rh3 64.Rh8 Rh2
65.Ra8 Rb2 66.Ra1 Rb3+ 67.Kf2 Kf4 68.Ra4+ Kg5 69.Ra6 Kf4 70.Bd1 Rb1 71.Ra4+ Kg5
72.Be2 Rb6 73.Ra5 Kf4 74.Ra4+ Kg5 75.Ra3 e5 76.Rg3+  1/2-1/2

[Event "CZE-ch"]
[Site "?"]
[Date "1993.??.??"]
[Round "11"]
[White "Chytilek, Roman"]
[Black "Cech, Pavel"]
[Result "1/2-1/2"]
[WhiteElo "2265"]
[BlackElo "2315"]

1.d4 d5 2.c4 e6 3.Nf3 Nf6 4.g3 Be7 5.Bg2 O-O 6.O-O dxc4 7.Qc2 a6 8.a4 c5
9.dxc5 Nc6 10.Qxc4 e5 11.Nbd2  1/2-1/2

[Event "CZE-chT"]
[Site "?"]
[Date "1993.??.??"]
[Round "?"]
[White "Chloupek, Stanislav"]
[Black "Jirovsky, Petr"]
[Result "1/2-1/2"]
[WhiteElo "2295"]
[BlackElo "2290"]

1.d4 d5 2.c4 e6 3.Nf3 Nf6 4.g3 Be7 5.Bg2 O-O 6.O-O Nbd7 7.Qc2 c6 8.Nbd2 b6
9.e4 Bb7 10.b3 Rc8 11.Bb2 c5 12.exd5 exd5 13.Rad1 Re8 14.Qb1 Qc7 15.Rfe1 Bf8
16.Qa1 Rxe1+ 17.Rxe1 Re8 18.Rxe8 Nxe8 19.Qe1 Nef6 20.Ne5 dxc4 21.Bxb7 Qxb7
22.Ndxc4 cxd4  1/2-1/2

[Event "CZE-chT"]
[Site "?"]
[Date "1993.??.??"]
[Round "?"]
[White "Hudecek, Jan"]
[Black "Jurek, Josef"]
[Result "1/2-1/2"]
[WhiteElo "2320"]
[BlackElo "2305"]

1.d4 e6 2.g3 Nf6 3.c4 d5 4.Bg2 Be7 5.Nf3 O-O 6.O-O c6 7.Nc3 b6 8.Ne5 Nfd7
9.cxd5 exd5 10.Nxd5 Nxe5 11.dxe5 Bc5 12.Be3 Nd7 13.Bxc5 bxc5 14.e6 fxe6 15.Nf4 Ne5
16.Qxd8 Rxd8 17.Rfd1 Ba6 18.e3 Kf7 19.h4 h6 20.h5 Rab8 21.b3 c4 22.Bh3 Nf3+
23.Kg2 Ng5 24.Ng6 Kf6 25.f4 Nxh3 26.Kxh3 Rxd1 27.Rxd1 cxb3 28.axb3 Be2 29.Rd7 Bxh5
30.Ne5 Rxb3 31.Rxa7 Be8 32.Ng4+ Kg6 33.Re7 Rb8 34.Rxe6+ Kf7 35.f5 Rc8 36.Ne5+ Kf8
37.Nc4 Bf7 38.Re4 Bd5 39.Rd4 Re8 40.Nb6 Rxe3 41.Nxd5  1/2-1/2

[Event "Dhaka"]
[Site "Dhaka"]
[Date "1993.??.??"]
[Round "?"]
[White "Mishra, Neeraj Kumar"]
[Black "Rahman, Ziaur"]
[Result "1-0"]
[WhiteElo "2365"]
[BlackElo "2430"]

1.d4 d5 2.c4 e6 3.Nf3 Nf6 4.g3 Be7 5.Bg2 O-O 6.O-O Nbd7 7.Qc2 c6 8.Nbd2 b6
9.e4 Bb7 10.b3 Rc8 11.Bb2 Qc7 12.Rfd1 Rfd8 13.Rac1 Qb8 14.Qb1 Qa8 15.c5 bxc5
16.Ba3 a5 17.dxc5 Ba6 18.Re1 Ne8 19.Qb2 Nc7 20.e5 Bd3 21.Re3 Bg6 22.Bf1 Rb8
23.Nd4 Na6 24.Bxa6 Qxa6 25.Qc3 Rb7 26.N2f3 Rdb8 27.Ne1 Rb4 28.Bxb4 axb4 29.Qd2 Bxc5
30.Nef3 Qb6 31.Ree1 Rc8 32.Qf4 h6 33.Re2 Be7 34.Nc2 Ra8 35.Nce1 c5 36.h4 Qa6
37.Rd2 Nb6 38.Qe3 d4 39.Qe2 Qa3 40.Ra1 Nd5 41.Qc4 Nc3 42.Qf1 Qa7 43.Nc2 Qb7
44.Nfe1 Rd8 45.Nd3 Be4 46.Nce1 Bc6 47.Nb2 g5 48.hxg5 Ne4 49.Rd3 hxg5 50.Nc4 Bd5
51.g4 Qc7 52.Ng2 Bf8 53.Rh3 Bg7 54.Re1 Ra8 55.Qd3 Qc6 56.f3 Bxc4 57.bxc4 Nc3
58.Qd2 f6 59.exf6 Bxf6 60.Qd3 Qd7 61.Rh6 Qf7 62.f4 Rxa2 63.Rg6+ Kf8 64.f5 e5
65.Qf3 e4 66.Qg3 Ra8 67.Qd6+ Be7 68.Qe5 Qh7 69.Re6 Qh3 70.Rxe7 Ne2+ 71.Rxe2 Ra1+
72.Re1 Rxe1+ 73.Nxe1 Qxg4+ 74.Kf1 Qh3+ 75.Ke2 Qe3+ 76.Kd1 Qb3+ 77.Nc2 Qb1+
78.Kd2 e3+ 79.Nxe3 dxe3+ 80.Ke2 Qc2+ 81.Kxe3 Qb3+ 82.Kf2 Qc2+ 83.Kg3 Qd3+
84.Kg4 Qxc4+ 85.Kh5  1-0

[Event "Dortmund op-A"]
[Site "Dortmund"]
[Date "1993.??.??"]
[Round "6"]
[White "Schmidt, Peter"]
[Black "Hedke, Fred"]
[Result "1-0"]
[WhiteElo "2410"]
[BlackElo "2320"]

1.d4 d5 2.c4 e6 3.Nf3 Nf6 4.g3 Be7 5.Bg2 O-O 6.O-O dxc4 7.Qc2 a6 8.Qxc4 b5
9.Qc2 Bb7 10.Bd2 Be4 11.Qc1 Bb7 12.Bf4 Bd6 13.Nbd2 Nbd7 14.Nb3 Qe7 15.Na5 Bd5
16.Nc6 Qe8 17.Re1 Nb6 18.Nfe5 Bxg2 19.Kxg2 Nfd5 20.Bd2 Nc4 21.e4 Ndb6 22.Nxc4 Nxc4
23.Na5 Nxd2 24.Qxd2 c5 25.Nb7 Qc6 26.Nxc5 Rfd8 27.Rac1 Qb6 28.Qe3 a5 29.Rc2 h6
30.Rec1 a4 31.b4 axb3 32.Nxb3 Bf8 33.Rc6 Qb8 34.R1c2 Ra7 35.Qf3 Rad7 36.Qc3 Qa8
37.Qd3 b4 38.Ra6 Qb8 39.Rcc6 Qe5 40.Ra5 Rxd4 41.Qf3 Qxe4 42.Nxd4 Qxd4 43.Rc7 f6
44.Raa7 Kh8 45.Qb7 Rd5 46.Rc1 f5 47.Qf7 Rd8 48.Rac7 Qd5+ 49.Kg1 Kh7 50.R7c2 Qe4
51.Qh5 Qd5 52.Re1 Bc5 53.Rce2 Rd6 54.Re5 Qd4 55.Qe2 Kh8 56.Rf1 f4 57.Rxe6  1-0

[Event "Drobeta"]
[Site "Drobeta"]
[Date "1993.??.??"]
[Round "?"]
[White "Itkis, Boris"]
[Black "Ionescu, Mihai"]
[Result "1-0"]
[WhiteElo "2435"]
[BlackElo "2285"]

1.d4 Nf6 2.c4 e6 3.Nf3 d5 4.g3 Be7 5.Bg2 O-O 6.O-O c6 7.b3 b6 8.Bb2 Bb7 9.Nbd2 Nbd7
10.Qc2 Qc7 11.Rac1 Rac8 12.cxd5 exd5 13.Ne5 c5 14.Qf5 g6 15.Qh3 Nxe5 16.dxe5 Nh5
17.e4 Rcd8 18.exd5 Bxd5 19.Bxd5 Rxd5 20.Ne4 Qd7 21.Qxd7 Rxd7 22.Rfd1 Rxd1+
23.Rxd1 f5 24.Rd7 fxe4 25.Rxe7 Ng7 26.e6 Nf5 27.Rxa7 Re8 28.g4 Nd4 29.Bxd4 cxd4
30.Ra4 Rxe6 31.Rxd4 e3 32.fxe3 Rxe3 33.Rb4 Re6 34.g5 h6 35.h4 hxg5 36.hxg5 Re5
37.Rxb6 Rxg5+ 38.Kf2 Kg7 39.a4 Rh5 40.b4 Rh2+ 41.Kg3 Ra2 42.a5 Kh6 43.a6 Kh5
44.Rb5+ g5  1-0

[Event "Eupen op"]
[Site "Eupen"]
[Date "1993.??.??"]
[Round "5"]
[White "Wojtkiewicz, Aleksander"]
[Black "Lacrosse, Marc"]
[Result "1-0"]
[WhiteElo "2580"]
[BlackElo "2250"]

1.Nf3 d5 2.c4 e6 3.g3 Nf6 4.Bg2 Be7 5.d4 O-O 6.Nc3 dxc4 7.Ne5 c5 8.dxc5 Qa5
9.Be3 Bxc5 10.Nxc4 Qb4 11.Qb3 Nc6 12.Qxb4 Bxb4 13.O-O Rd8 14.Rfd1 Bd7 15.Nd6 Bxd6
16.Rxd6 Be8 17.Rad1 Rxd6 18.Rxd6 a6 19.h3 Rd8 20.Rxd8 Nxd8 21.Bb6 Nc6 22.f4 Bd7
23.Kf2 Kf8 24.g4 Bc8 25.g5 Nd7 26.Bc7 f5 27.e4 g6 28.exf5 exf5 29.Bd6+ Ke8
30.Nd5  1-0

[Event "Farum op"]
[Site "Farum"]
[Date "1993.??.??"]
[Round "4"]
[White "Adamski, Jan"]
[Black "Pedersen, H."]
[Result "1-0"]
[WhiteElo "2430"]
[BlackElo "2245"]

1.Nf3 Nf6 2.c4 e6 3.g3 d5 4.Bg2 Be7 5.d4 O-O 6.Qc2 c5 7.O-O cxd4 8.Nxd4 Nc6
9.Nxc6 bxc6 10.b3 Rb8 11.Rd1 Qa5 12.Bb2 Ba6 13.Nd2 Rfd8 14.e3 dxc4 15.Bf1 Qh5
16.Nxc4 Bxc4 17.Rxd8+ Rxd8 18.bxc4 Ng4 19.h3 Nxe3 20.fxe3 Qf3 21.Re1 Bb4
22.Bc3 Qxg3+ 23.Bg2 Bd6 24.Qe4 Qh2+ 25.Kf1 Bg3 26.Qg4 Be5 27.Qg5  1-0

[Event "FRA"]
[Site "FRA"]
[Date "1993.??.??"]
[Round "?"]
[White "Spiridonov, Nikola"]
[Black "Spassky, Boris V"]
[Result "1/2-1/2"]
[WhiteElo "2430"]
[BlackElo "2565"]

1.d4 d5 2.Nf3 Nf6 3.c4 e6 4.g3 Be7 5.Bg2 O-O 6.O-O Nbd7 7.b3 c6 8.Ba3 Bxa3
9.Nxa3 b6 10.Qc2 Bb7 11.Rac1 Qe7 12.Qb2 c5 13.Rfd1 Rfd8 14.cxd5 Bxd5 15.Nb5 Bc6
16.Nc3 Rac8 17.h3 h6 18.Rd2 cxd4 19.Nxd4  1/2-1/2